| 000 | 00631nam a22001937a 4500 | ||
|---|---|---|---|
| 001 | BD-DhSAU 10354 | ||
| 003 | BD-DhSAU | ||
| 005 | 20150627113751.0 | ||
| 008 | 150626b1990 bg ||||r|||| 000 0 ben d | ||
| 040 | _aBD-DhSAU | ||
| 082 |
_222 _a--- _bসরজ |
||
| 100 | _aসরকার, ফজলুল হক | ||
| 245 |
_aজনক আমার স্বাধীনতা / _cফজলুল হক সরকার |
||
| 260 |
_aঢাকা : _bব্রজ প্রকাশন, _c১৯৯০. |
||
| 300 |
_a১০৬ পৃ. : _c২২ সেমি |
||
| 590 | _ajoy | ||
| 650 | _aইতিহাস | ||
| 942 |
_2ddc _cBOOK |
||
| 999 |
_c10354 _d10353 |
||